<?xml version="1.0" encoding="UTF-8"?>
<record
    xmlns:xsi="http://www.w3.org/2001/XMLSchema-instance"
    xsi:schemaLocation="http://www.loc.gov/MARC21/slim http://www.loc.gov/standards/marcxml/schema/MARC21slim.xsd"
    xmlns="http://www.loc.gov/MARC21/slim">

  <leader>03674cgm a2200733Ia 4500</leader>
  <controlfield tag="001">420558209</controlfield>
  <controlfield tag="003">OCoLC</controlfield>
  <controlfield tag="005">20140723165439.0</controlfield>
  <controlfield tag="007">vd cvaizq</controlfield>
  <controlfield tag="008">090701s2009    xxu090            vleng d</controlfield>
  <datafield tag="020" ind1=" " ind2=" ">
    <subfield code="a">1435974018</subfield>
  </datafield>
  <datafield tag="020" ind1=" " ind2=" ">
    <subfield code="a">9781435974012</subfield>
  </datafield>
  <datafield tag="024" ind1="1" ind2="0">
    <subfield code="a">043396314528</subfield>
  </datafield>
  <datafield tag="028" ind1="4" ind2="2">
    <subfield code="a">31452</subfield>
    <subfield code="b">Sony Pictures Home Entertainment</subfield>
  </datafield>
  <datafield tag="033" ind1="0" ind2="1">
    <subfield code="a">2009----</subfield>
  </datafield>
  <datafield tag="035" ind1=" " ind2=" ">
    <subfield code="a">(OCoLC)420558209</subfield>
    <subfield code="z">(OCoLC)535532668</subfield>
    <subfield code="z">(OCoLC)670823091</subfield>
    <subfield code="z">(OCoLC)731219333</subfield>
  </datafield>
  <datafield tag="037" ind1=" " ind2=" ">
    <subfield code="b">Midwest Tape</subfield>
    <subfield code="n">http://www.midwesttapes.com</subfield>
  </datafield>
  <datafield tag="040" ind1=" " ind2=" ">
    <subfield code="a">TEFMT</subfield>
    <subfield code="b">eng</subfield>
    <subfield code="c">TEFMT</subfield>
    <subfield code="d">TEF</subfield>
    <subfield code="d">TEFMT</subfield>
    <subfield code="d">GK8</subfield>
    <subfield code="d">UPZ</subfield>
    <subfield code="d">IGP</subfield>
    <subfield code="d">OCLCQ</subfield>
    <subfield code="d">IA6</subfield>
    <subfield code="d">VP@</subfield>
    <subfield code="d">JQW</subfield>
    <subfield code="d">IA6</subfield>
    <subfield code="d">TEF</subfield>
    <subfield code="d">TOH</subfield>
    <subfield code="d">OCLCA</subfield>
    <subfield code="d">OCLCQ</subfield>
    <subfield code="d">BDX</subfield>
    <subfield code="d">TXBXL</subfield>
    <subfield code="d">MOB</subfield>
    <subfield code="d">UtOrBLW</subfield>
  </datafield>
  <datafield tag="041" ind1="1" ind2=" ">
    <subfield code="a">eng</subfield>
    <subfield code="h">eng</subfield>
  </datafield>
  <datafield tag="043" ind1=" " ind2=" ">
    <subfield code="a">n-us---</subfield>
  </datafield>
  <datafield tag="049" ind1=" " ind2=" ">
    <subfield code="a">MOBF</subfield>
  </datafield>
  <datafield tag="050" ind1=" " ind2="4">
    <subfield code="a">PN1992.77</subfield>
    <subfield code="b">.G54 2009</subfield>
  </datafield>
  <datafield tag="082" ind1="0" ind2="4">
    <subfield code="a">791.45/72</subfield>
    <subfield code="2">22</subfield>
  </datafield>
  <datafield tag="245" ind1="0" ind2="0">
    <subfield code="a">Gifted hands</subfield>
    <subfield code="h">[videorecording] :</subfield>
    <subfield code="b">the Ben Carson story /</subfield>
    <subfield code="c">Sony Pictures Television Inc., the Hatchery, the Thomas Carter Co., Magna Global Entertainment ; written by John Pielmeier ; directed by Thomas Carter ; produced by David A. Rosemont.</subfield>
  </datafield>
  <datafield tag="246" ind1="3" ind2="0">
    <subfield code="a">Ben Carson story.</subfield>
  </datafield>
  <datafield tag="260" ind1=" " ind2=" ">
    <subfield code="a">[United States] :</subfield>
    <subfield code="b">Sony Pictures Home Entertainment,</subfield>
    <subfield code="c">[2009]</subfield>
  </datafield>
  <datafield tag="300" ind1=" " ind2=" ">
    <subfield code="a">1 videodisc (ca. 90 min.) :</subfield>
    <subfield code="b">sd., col. ;</subfield>
    <subfield code="c">4 3/4 in.</subfield>
  </datafield>
  <datafield tag="500" ind1=" " ind2=" ">
    <subfield code="a">Based on Dr. Ben Carson's autobiography.</subfield>
  </datafield>
  <datafield tag="500" ind1=" " ind2=" ">
    <subfield code="a">Special features: Behind the scenes; Triumph and inspiration: the journey of Dr. Ben Carson.</subfield>
  </datafield>
  <datafield tag="508" ind1=" " ind2=" ">
    <subfield code="a">Music composed by Martin Davich ; edited by Peter Berger ; production designer, Warren Alan Young ; director of photography, John Aronson ; costume designer, Karyn Wagner.</subfield>
  </datafield>
  <datafield tag="511" ind1="1" ind2=" ">
    <subfield code="a">Cuba Gooding, Jr., Kimberly Elise, Ron Coden, Aunjanue Ellis, Gus Hoffman, Jaishon Fisher.</subfield>
  </datafield>
  <datafield tag="518" ind1=" " ind2=" ">
    <subfield code="a">Originally produced for television broadcast on TNT in 2009.</subfield>
  </datafield>
  <datafield tag="520" ind1=" " ind2=" ">
    <subfield code="a">Follows the life of Dr. Benjamin S. Carson, who overcame problems in school and obstacles in life to become a world-renowned neurosurgeon. His lifelong journey led him to become director of pediatric neurosurgery at Johns Hopkins Children's Center, a bestselling author, and a recipient of the Presidential Medal of Freedom. Includes behind-the-scenes, and featurettes.</subfield>
  </datafield>
  <datafield tag="521" ind1="8" ind2=" ">
    <subfield code="a">Not rated.</subfield>
  </datafield>
  <datafield tag="538" ind1=" " ind2=" ">
    <subfield code="a">DVD, anamorphic widescreen (1.78:1) presentation.</subfield>
  </datafield>
  <datafield tag="546" ind1=" " ind2=" ">
    <subfield code="a">In English with optional English and French subtitles; closed-captioned.</subfield>
  </datafield>
  <datafield tag="600" ind1="1" ind2="0">
    <subfield code="a">Carson, Ben</subfield>
    <subfield code="v">Drama.</subfield>
    <subfield code="9">29388</subfield>
  </datafield>
  <datafield tag="650" ind1=" " ind2="0">
    <subfield code="a">Neurosurgeons</subfield>
    <subfield code="z">United States</subfield>
    <subfield code="v">Drama.</subfield>
    <subfield code="9">29389</subfield>
  </datafield>
  <datafield tag="650" ind1=" " ind2="0">
    <subfield code="a">African American surgeons</subfield>
    <subfield code="v">Drama.</subfield>
    <subfield code="9">29390</subfield>
  </datafield>
  <datafield tag="650" ind1=" " ind2="0">
    <subfield code="a">Documentary television programs.</subfield>
    <subfield code="9">29391</subfield>
  </datafield>
  <datafield tag="655" ind1=" " ind2="7">
    <subfield code="a">Biographical television programs.</subfield>
    <subfield code="2">lcgft.</subfield>
    <subfield code="9">20951</subfield>
  </datafield>
  <datafield tag="655" ind1=" " ind2="7">
    <subfield code="a">Fiction films.</subfield>
    <subfield code="2">lcgft.</subfield>
    <subfield code="9">25783</subfield>
  </datafield>
  <datafield tag="655" ind1=" " ind2="7">
    <subfield code="a">Video recordings for the hearing impaired.</subfield>
    <subfield code="2">lcgft.</subfield>
    <subfield code="9">20953</subfield>
  </datafield>
  <datafield tag="655" ind1=" " ind2="7">
    <subfield code="a">Television adaptations.</subfield>
    <subfield code="2">lcgft.</subfield>
    <subfield code="9">29392</subfield>
  </datafield>
  <datafield tag="655" ind1=" " ind2="7">
    <subfield code="a">Fiction films.</subfield>
    <subfield code="2">lcgft.</subfield>
    <subfield code="9">25783</subfield>
  </datafield>
  <datafield tag="655" ind1=" " ind2="7">
    <subfield code="a">Television adaptations.</subfield>
    <subfield code="9">29393</subfield>
  </datafield>
  <datafield tag="700" ind1="1" ind2=" ">
    <subfield code="a">Gooding, Cuba,</subfield>
    <subfield code="d">1968-</subfield>
    <subfield code="9">29394</subfield>
  </datafield>
  <datafield tag="700" ind1="1" ind2=" ">
    <subfield code="a">Elise, Kimberly,</subfield>
    <subfield code="d">1971-</subfield>
    <subfield code="9">29395</subfield>
  </datafield>
  <datafield tag="700" ind1="1" ind2=" ">
    <subfield code="a">Coden, Ron.</subfield>
    <subfield code="9">29396</subfield>
  </datafield>
  <datafield tag="700" ind1="1" ind2=" ">
    <subfield code="a">Ellis, Aunjanue.</subfield>
    <subfield code="9">29397</subfield>
  </datafield>
  <datafield tag="700" ind1="1" ind2=" ">
    <subfield code="a">Hoffman, Gus.</subfield>
    <subfield code="9">29398</subfield>
  </datafield>
  <datafield tag="700" ind1="1" ind2=" ">
    <subfield code="a">Fisher, Jaishon.</subfield>
    <subfield code="9">29399</subfield>
  </datafield>
  <datafield tag="700" ind1="1" ind2=" ">
    <subfield code="a">Pielmeier, John.</subfield>
    <subfield code="9">29400</subfield>
  </datafield>
  <datafield tag="700" ind1="1" ind2=" ">
    <subfield code="a">Carter, Thomas,</subfield>
    <subfield code="d">1953-</subfield>
    <subfield code="9">29401</subfield>
  </datafield>
  <datafield tag="700" ind1="1" ind2=" ">
    <subfield code="a">Carson, Ben.</subfield>
    <subfield code="t">Gifted hands.</subfield>
    <subfield code="9">29402</subfield>
  </datafield>
  <datafield tag="710" ind1="2" ind2=" ">
    <subfield code="a">Sony Pictures Television.</subfield>
    <subfield code="9">29403</subfield>
  </datafield>
  <datafield tag="710" ind1="2" ind2=" ">
    <subfield code="a">Hatchery (Firm)</subfield>
    <subfield code="9">29404</subfield>
  </datafield>
  <datafield tag="710" ind1="2" ind2=" ">
    <subfield code="a">Thomas Carter Co. (Firm)</subfield>
    <subfield code="9">29405</subfield>
  </datafield>
  <datafield tag="710" ind1="2" ind2=" ">
    <subfield code="a">Magna Global Entertainment (Firm)</subfield>
    <subfield code="9">29406</subfield>
  </datafield>
  <datafield tag="710" ind1="2" ind2=" ">
    <subfield code="a">Turner Network Television.</subfield>
    <subfield code="9">29407</subfield>
  </datafield>
  <datafield tag="710" ind1="2" ind2=" ">
    <subfield code="a">Sony Pictures Home Entertainment (Firm)</subfield>
    <subfield code="9">29408</subfield>
  </datafield>
  <datafield tag="856" ind1="4" ind2=" ">
    <subfield code="3">View cover art</subfield>
    <subfield code="u">http://midwesttapes.com/images/movies/col31452d.gif</subfield>
  </datafield>
  <datafield tag="942" ind1=" " ind2=" ">
    <subfield code="2">lcc</subfield>
    <subfield code="c">DVD</subfield>
  </datafield>
  <datafield tag="999" ind1=" " ind2=" ">
    <subfield code="c">59673</subfield>
    <subfield code="d">59647</subfield>
  </datafield>
  <datafield tag="952" ind1=" " ind2=" ">
    <subfield code="0">0</subfield>
    <subfield code="1">0</subfield>
    <subfield code="2">lcc</subfield>
    <subfield code="4">0</subfield>
    <subfield code="7">0</subfield>
    <subfield code="8">CD/DVD</subfield>
    <subfield code="a">CPL</subfield>
    <subfield code="b">CPL</subfield>
    <subfield code="c">CD &amp; DVD</subfield>
    <subfield code="d">2014-07-23</subfield>
    <subfield code="e">Donation </subfield>
    <subfield code="g">20.00</subfield>
    <subfield code="l">0</subfield>
    <subfield code="o">PN 1992.77.G54 2009 DVD</subfield>
    <subfield code="p">R017533232</subfield>
    <subfield code="r">2014-08-12 00:00:00</subfield>
    <subfield code="t">1</subfield>
    <subfield code="w">2014-07-23</subfield>
    <subfield code="y">DVD</subfield>
  </datafield>
</record>
